00000000cam 2200000zi 4500
0019.962765
003CaOODSP
00520260513115119
006m     o  d f      
007cr mn|||||||||
008260513s1986    onc     ob   f000 0 fre d
040 |aCaOODSP|bfre|erda|cCaOODSP
043 |an-cn---
0861 |aJS4-1/1984-70F-PDF
1001 |aWhittingham, Michael David, |eauteur.
24513|aLe rôle des réformateurs et des bénévoles dans le progrès des réformes du système correctionnel canadien depuis la Confédération / |cMichael D. Whittingham.
264 1|a[Ottawa] : |bSolliciteur général du Canada, Secrétariat du Ministère, Direction des programmes, |c1986.
300 |a1 ressource en ligne (1 volume (pagination multiple)).
336 |atexte|btxt|2rdacontent/fre
337 |ainformatique|bc|2rdamedia/fre
338 |aressource en ligne|bcr|2rdacarrier/fre
4901 |aDirection des programmes - rapport pour spécialistes ; |vno. 1984-70
500 |aÉdition numérisée de l'imprimée [par Sécurité publique Canada].
500 |aPublié aussi en anglais sous le titre : The role of reformers and volunteers in the advance of correctional reform in Canada, since Confederation.
500 |a« Ce document de travail a été préparé en 1986 et est présenté tel que soumis au ministère. Les idées exprimées sont celles des auteurs et ne sont pas nécessairement celles du ministère du Solliciteur général du Canada. »
504 |aComprend des références bibliographiques.
520 |a« L'objet principal de notre étude est l'évolution des établissements correctionnels fédéraux depuis la Confédération. Cependant, il est nécessaire d'en situer les origines; celles-ci remontent à l'apparition de l'État institutionnel, d'abord en Angleterre puis en Amérique du Nord dont l'essor se situe à la fin du XVIIIe siècle » -- Page 2.
650 6|aRéhabilitation|xPolitique gouvernementale|zCanada.
650 6|aRéformateurs sociaux|zCanada.
650 6|aEnquêtes publiques|zCanada.
7101 |aCanada. |bSolliciteur général Canada.|bDirection des programmes, |eorganisme de publication.
77508|tThe role of reformers and volunteers in the advance of correctional reform in Canada, since Confederation / |w(CaOODSP)9.962762
830#0|aRapport pour spécialistes (Canada. Solliciteur général Canada)|vno. 1984-70.|w(CaOODSP)9.808484
85640|qPDF|s1.68 Mo|uhttps://publications.gc.ca/collections/collection_2026/sp-ps/js4-1/JS4-1-1984-70-fra.pdf